000 00425cam a22001217a 4500
008 180718b1978 xxu||||| |||| 00| 0 eng d
082 _aA81x54 In2/71/21/PT6B/N
100 _aCensus of India 1971
245 _aUttar Pradesh: special survey reports on selected towns, Nainital
260 _aDelhi
_bThe Controller of Publications
_c1978
300 _a717+p.
440 _aCensus of India 1971. Series-21, Uttar Pradesh. Part VI-B
999 _c485702
_d485702